000 00286nam a22001337a 4500
008 180316b xxu||||| |||| 00| 0 eng d
020 _a9780205441013
041 _aeng
080 _a78
100 _a45
101 _amuz
245 _aundrstanding music
_cyudkin.j
942 _2udc
_cBK
999 _c45272
_d45272